Xác định một số đặc điểm sinh học loài copepoda Apocyclops dengizicus trong phòng thí nghiệm : Luận văn tốt nghiệp Cao học. Chuyên ngành Nuôi trồng thủy sản

Đề tài xác định một số đặc điểm sinh học về dinh dưỡng, sinh trưởng và sinh sản của loài copepoda Apocyclops dengizicus ở các điều kiện nhiệt độ khác nhau nhằm cung cấp thông tin làm cơ sở cho xây dựng qui trình nuôi sinh khối góp phần phát t...

Ausführliche Beschreibung

Gespeichert in:
Bibliographische Detailangaben
1. Verfasser: Phạm, Kiều Diễm
Format: Buch
Sprache:Undetermined
Veröffentlicht: Cần Thơ Trường Đại học Cần Thơ 2015
Schlagworte:
Tags: Tag hinzufügen
Keine Tags, Fügen Sie den ersten Tag hinzu!
Thư viện lưu trữ: Trung tâm Học liệu Trường Đại học Cần Thơ
LEADER 01294nam a2200205Ia 4500
001 CTU_203247
008 210402s9999 xx 000 0 und d
082 |a 595.34 
082 |b D304 
100 |a Phạm, Kiều Diễm 
245 0 |a Xác định một số đặc điểm sinh học loài copepoda Apocyclops dengizicus trong phòng thí nghiệm : 
245 0 |b Luận văn tốt nghiệp Cao học. Chuyên ngành Nuôi trồng thủy sản 
245 0 |c Phạm Kiều Diễm ; Vũ Ngọc Út (Cán bộ hướng dẫn) 
260 |a Cần Thơ 
260 |b Trường Đại học Cần Thơ 
260 |c 2015 
520 |a Đề tài xác định một số đặc điểm sinh học về dinh dưỡng, sinh trưởng và sinh sản của loài copepoda Apocyclops dengizicus ở các điều kiện nhiệt độ khác nhau nhằm cung cấp thông tin làm cơ sở cho xây dựng qui trình nuôi sinh khối góp phần phát triển nghề sản xuất giống và ương nuôi ấu trùng tôm cá biển ở ĐBSCL. 
650 |a Copepoda,Giáp xác chân chèo 
904 |i Hải 
980 |a Trung tâm Học liệu Trường Đại học Cần Thơ